000 00551nam a2200181Ia 4500
008 240729s9999 xx 000 0 und d
022 _a1677-6119
245 0 _aInternational Brazilian Journal of Urology
260 _aBrazil
260 _bSociedade Brasileira de Urologia
650 _a Diseases of the genitourinary system. Urology
650 _a Internal medicine
650 _a Specialties of internal medicine
650 _aMedicine
856 _uhttps://doaj.org/toc/d23b83ba8c8042e6865391b3d1ee1f33
942 _2ddc
942 _cDOAJEJ
999 _c66439
_d66439
945 _a1
_bMadushi Gamage
_c1
_dMadushi Gamage